| 000 | 00493nam a2200157 a 4500 | ||
|---|---|---|---|
| 001 | 000039664 | ||
| 005 | 20201002033652.0 | ||
| 008 | 130715s2001 ch a 000 0 spa d | ||
| 020 | _a9562841936 | ||
| 040 |
_aDO-SdBNP _bspa _cBNPHU |
||
| 100 | 1 |
_aVial, Sara _965855 |
|
| 245 | 1 | 0 |
_aValparaíso, el violín de la memoria / _cSara Vial. |
| 260 |
_aSantiago, Chile : _bRIL Editores, _c2001. |
||
| 300 |
_a360 p. : _bils. ; _c22 cm. |
||
| 500 | _aIncluye datos biográficos de la autora en las solapas | ||
| 999 |
_c39154 _d39154 |
||